000 00410nam a22001697a 4500
005 20160613113511.0
008 160613b xxu||||| |||| 00| 0 eng d
020 _a978-93-5014-292-9
041 _aeng
082 _b7172
100 _aKumar. D.S.
_91766
245 _aEngineering mechanics (S&D)
260 _bS.K. Kastries Books
_c2003
300 _a778
650 _aDIPLOMA ENGINEERING
_9817
942 _cBK
999 _c2484
_d2483